000 00945nam a2200217Ii 4500
003 JO-AjNU
008 230605s9999||||xx |||||||||||||| ||und||
017 _a2000/5287
040 _aJO-AjNU
_bara
_erda
_cJO-AjNU
041 _aara
050 1 4 _aJX5141.2009
100 3 _aمحمود، عبد الغنى عبد الحميد ,
_eauthor
_952971
245 0 0 _aحماية ضحايا النزاعات المسلحة في القانون الدولي الانساني والشريعة الاسلامية
250 _aالطبعة العربية الرابعة
264 3 1 _aالقاهرة : اللجنة الدولية للصليب الأحمر، 2009
300 _a92ص
336 _atext
_btxt
_2rdacontent
337 _aunmediated
_bn
_2rdamedia
338 _avolume
_bnc
_2rdacarrier
650 4 _aحرب (الإسلام)-- أسرى الحرب -- الإسلام وحقوق مدنية -- حرب -- إغاثة المرضى والجرحى
_952972
999 _aA23496
_c27064
_d27064